[Event "Titled Tuesday intern op 27th Aug Early"]
[Site "Chess.com INT"]
[Date "2024.08.27"]
[Round "5"]
[White "Zacurdajev, Dmitry"]
[Black "Emujin, Enkh Amgalan"]
[Result "1-0"]
[WhiteElo "2239"]
[BlackElo "2008"]
[PlyCount "141"]
[EventDate "2024.08.27"]
[EventType "swiss (blitz)"]
[EventRounds "11"]
[EventCountry "USA"]
[SourceTitle "EXT 2025"]
[Source "ChessBase"]
[SourceDate "2024.10.14"]
[SourceVersion "1"]
[SourceVersionDate "2024.10.14"]
[SourceQuality "1"]

1. d4 d5 2. c4 c6 3. e3 Nf6 4. Nc3 e6 5. Nf3 Be7 6. Bd3 dxc4 7. Bxc4 b5 8. Bb3 Bb7 9. 0-0 a6 10. e4 Nbd7 11. e5 Nd5 12. Ne4 c5 13. Bg5 0-0 14. Bc2 cxd4 15. Qxd4 Bxg5 16. Nexg5 h6 17. Qe4 g6 18. Nxe6 Qc8 19. Nxf8 Nxf8 20. Rac1 Qe8 21. Qh4 h5 22. Be4 Ne6 23. Rfd1 Rd8 24. Ng5 Nef4 25. Bxd5 Ne2+ 26. Kf1 Nxc1 27. Bxf7+ Kh8 28. Rxc1 Qxe5 29. Bxg6 Bd5 30. Qxh5+ Kg7 31. Qh7+ Kf6 32. Qf7+ Bxf7 33. Nxf7 Qxb2 34. Rc6+ Kg7 35. Nxd8 Qa1+ 36. Ke2 Qe5+ 37. Kf3 Qd5+ 38. Be4 Qxd8 39. Rg6+ Kf7 40. Rxa6 b4 41. Ra7+ Kf6 42. Rb7 Qd1+ 43. Ke3 Qe1+ 44. Kf3 Qc3+ 45. Kf4 Qe5+ 46. Ke3 Qb2 47. Rb6+ Ke7 48. Rb7+ Kd6 49. Rb6+ Kc5 50. Rc6+ Kb5 51. Rc2 Qe5 52. f4 Qe7 53. Kf3 Ka4 54. f5 b3 55. axb3+ Kxb3 56. g4 Qh4 57. Kf4 Qh6+ 58. g5 Qh4+ 59. Ke5 Qxg5 60. Rf2 Qe7+ 61. Kf4 Qh4+ 62. Kf3 Qh3+ 63. Ke2 Qh5+ 64. Rf3+ Kc4 65. h3 Kd4 66. Bd3 Qe8+ 67. Kf2 Qa4 68. Rf4+ Kxd3 69. Rxa4 Kc3 70. f6 Kd3 71. Rg4 1-0

[Event "Titled Tuesday intern op 27th Aug Early"]
[Site "Chess.com INT"]
[Date "2024.08.27"]
[Round "7"]
[White "Zacurdajev, Dmitry"]
[Black "Sabarez, Iulian"]
[Result "1-0"]
[WhiteElo "2239"]
[BlackElo "2022"]
[PlyCount "61"]
[EventDate "2024.08.27"]
[EventType "swiss (blitz)"]
[EventRounds "11"]
[EventCountry "USA"]
[SourceTitle "EXT 2025"]
[Source "ChessBase"]
[SourceDate "2024.10.14"]
[SourceVersion "1"]
[SourceVersionDate "2024.10.14"]
[SourceQuality "1"]

1. d4 Nf6 2. c4 e6 3. Nc3 Bb4 4. e3 0-0 5. Bd3 d5 6. Nf3 b6 7. 0-0 Ba6 8. cxd5 exd5 9. Bxa6 Nxa6 10. Qa4 Qc8 11. Ne5 c5 12. Nc6 cxd4 13. exd4 Bd6 14. Bg5 Nc7 15. Bxf6 gxf6 16. Rac1 Qf5 17. Nb5 Nxb5 18. Qxb5 Rfe8 19. g3 Re4 20. Rce1 Kh8 21. Rxe4 Qxe4 22. Qa6 Rg8 23. Qxa7 Qf3 24. Qd7 Bxg3 25. fxg3 Rg7 26. Nd8 Rxg3+ 27. hxg3 Qxg3+ 28. Kh1 Qh4+ 29. Kg2 Qg5+ 30. Kf3 Qh5+ 31. Qg4 1-0

[Event "Titled Tuesday intern op 25th Jun Late"]
[Site "Chess.com INT"]
[Date "2024.06.25"]
[Round "3"]
[White "Grot, Blazej"]
[Black "Zacurdajev, Dmitry"]
[Result "1/2-1/2"]
[WhiteElo "2136"]
[BlackElo "2239"]
[PlyCount "85"]
[EventDate "2024.06.25"]
[EventType "swiss (blitz)"]
[EventRounds "11"]
[EventCountry "USA"]
[SourceTitle "EXT 2025"]
[Source "ChessBase"]
[SourceDate "2024.10.14"]
[SourceVersion "1"]
[SourceVersionDate "2024.10.14"]
[SourceQuality "1"]

1. e4 c6 2. d4 d5 3. Nd2 dxe4 4. Nxe4 Nf6 5. Nxf6+ exf6 6. c3 Bd6 7. Bd3 0-0 8. Ne2 Re8 9. 0-0 h5 10. Nf4 h4 11. Qh5 f5 12. Bxf5 Bxf5 13. Qxf5 Nd7 14. Nd3 Qc7 15. Bf4 Re2 16. Rfe1 Rae8 17. Bxd6 Qxd6 18. Ne5 Rxe1+ 19. Rxe1 f6 20. Nf3 Rxe1+ 21. Nxe1 Qe7 22. Nf3 Qe2 23. h3 Nf8 24. Qb1 g5 25. Qf5 Kg7 26. Qb1 Ng6 27. Nh2 Nf4 28. Nf1 Nd3 29. f3 Qf2+ 30. Kh2 Ne1 31. Ne3 Qxe3 32. Qf5 Qf2 33. Qd7+ Kh6 34. Qg4 Qxb2 35. f4 Qf2 36. fxg5+ fxg5 37. Qe6+ Kg7 38. Qe7+ Kg6 39. Qe6+ Kh5 40. Qg4+ Kg6 41. Qe6+ Kg7 42. Qe7+ Kg6 43. Qe6+ 1/2-1/2

[Event "Titled Tuesday intern op 25th Jun Early"]
[Site "Chess.com INT"]
[Date "2024.06.25"]
[Round "4"]
[White "Guerra Tulcan, Lenin"]
[Black "Zacurdajev, Dmitry"]
[Result "1-0"]
[WhiteElo "2310"]
[BlackElo "2239"]
[PlyCount "71"]
[EventDate "2024.06.25"]
[EventType "swiss (blitz)"]
[EventRounds "11"]
[EventCountry "USA"]
[SourceTitle "EXT 2025"]
[Source "ChessBase"]
[SourceDate "2024.10.14"]
[SourceVersion "1"]
[SourceVersionDate "2024.10.14"]
[SourceQuality "1"]

1. e4 c6 2. f4 d5 3. e5 e6 4. Nf3 c5 5. d4 Nc6 6. c3 Nh6 7. Bd3 Qb6 8. Bc2 Nf5 9. Bxf5 exf5 10. dxc5 Bxc5 11. b4 Be7 12. Qxd5 Be6 13. Qd2 Rd8 14. Qf2 Qa6 15. Bd2 0-0 16. a4 Qd3 17. Qe2 Qe4 18. Qxe4 fxe4 19. Ng1 f6 20. exf6 Bxf6 21. Ne2 Bc4 22. Na3 Bd3 23. b5 Na5 24. Be3 Rc8 25. Bxa7 e3 26. Bd4 Nb3 27. Rd1 Nxd4 28. Rxd3 Nxe2 29. Kxe2 Bxc3 30. g3 Bd2 31. Rb1 Rc5 32. a5 g5 33. Rd4 gxf4 34. Rxf4 Rxf4 35. gxf4 Rh5 36. Nc4 1-0

[Event "Titled Tuesday intern op 25th Jun Early"]
[Site "Chess.com INT"]
[Date "2024.06.25"]
[Round "2"]
[White "Herman, Matthew J"]
[Black "Zacurdajev, Dmitry"]
[Result "1-0"]
[WhiteElo "2383"]
[BlackElo "2239"]
[PlyCount "69"]
[EventDate "2024.06.25"]
[EventType "swiss (blitz)"]
[EventRounds "11"]
[EventCountry "USA"]
[SourceTitle "EXT 2025"]
[Source "ChessBase"]
[SourceDate "2024.10.14"]
[SourceVersion "1"]
[SourceVersionDate "2024.10.14"]
[SourceQuality "1"]

1. c4 Nf6 2. b3 e6 3. Bb2 d5 4. e3 Be7 5. Nf3 0-0 6. Nc3 b6 7. Qc2 Bb7 8. Ng5 Nbd7 9. cxd5 exd5 10. Bb5 c6 11. Bd3 h6 12. Bh7+ Kh8 13. h4 c5 14. Ne2 Bd6 15. f4 Rc8 16. Bf5 d4 17. Ng3 Qe7 18. 0-0-0 c4 19. bxc4 Rxc4 20. Qxc4 Rc8 21. Qxc8+ Bxc8 22. Bxd4 Ba3+ 23. Kb1 Ba6 24. Ka1 Nc5 25. Nf3 Nd5 26. Nh5 f6 27. g4 Nb4 28. g5 Bd3 29. gxf6 Nc2+ 30. Kb1 Nxd4+ 31. Bxd3 gxf6 32. Nxd4 Nxd3 33. Rhg1 Qb4+ 34. Nb3 a5 35. Nxf6 1-0

[Event "Titled Tuesday intern op 25th Jun Early"]
[Site "Chess.com INT"]
[Date "2024.06.25"]
[Round "7"]
[White "Kurmangaliyeva, Liya"]
[Black "Zacurdajev, Dmitry"]
[Result "1-0"]
[WhiteElo "2282"]
[BlackElo "2239"]
[PlyCount "55"]
[EventDate "2024.06.25"]
[EventType "swiss (blitz)"]
[EventRounds "11"]
[EventCountry "USA"]
[SourceTitle "EXT 2025"]
[Source "ChessBase"]
[SourceDate "2024.10.14"]
[SourceVersion "1"]
[SourceVersionDate "2024.10.14"]
[SourceQuality "1"]

1. e4 c6 2. d4 d5 3. Nc3 dxe4 4. Nxe4 Nf6 5. Nxf6+ exf6 6. c3 Bd6 7. Bd3 0-0 8. Qc2 Re8+ 9. Ne2 h5 10. 0-0 h4 11. Nf4 Qc7 12. g3 Nd7 13. Qd1 Nf8 14. Qh5 g5 15. Ng2 hxg3 16. fxg3 Kg7 17. Qf3 Qd8 18. Bxg5 fxg5 19. Qxf7+ Kh8 20. Rf6 Re6 21. Qh5+ Kg8 22. Qxg5+ Kh8 23. Rh6+ Rxh6 24. Qxd8 b6 25. Rf1 Bb7 26. Qg5 Re6 27. Nf4 Bxf4 28. Rxf4 1-0

[Event "Titled Tuesday intern op 25th Jun Late"]
[Site "Chess.com INT"]
[Date "2024.06.25"]
[Round "2"]
[White "Zacurdajev, Dmitry"]
[Black "Barria Zuniga, Daniel"]
[Result "1-0"]
[WhiteElo "2239"]
[BlackElo "2341"]
[PlyCount "123"]
[EventDate "2024.06.25"]
[EventType "swiss (blitz)"]
[EventRounds "11"]
[EventCountry "USA"]
[SourceTitle "EXT 2025"]
[Source "ChessBase"]
[SourceDate "2024.10.14"]
[SourceVersion "1"]
[SourceVersionDate "2024.10.14"]
[SourceQuality "1"]

1. d4 d5 2. c4 c6 3. Nc3 dxc4 4. a4 e5 5. Nf3 exd4 6. Qxd4 Qxd4 7. Nxd4 Bc5 8. e3 Bxd4 9. exd4 Be6 10. Ne4 Na6 11. Nd6+ Kd7 12. Nxb7 Ne7 13. Be2 Nb4 14. Nc5+ Kc8 15. 0-0 Nc2 16. Ra2 Nxd4 17. Re1 Nxe2+ 18. Rxe2 Rd8 19. Re1 Nf5 20. Bg5 Rd5 21. Nxe6 fxe6 22. Ra3 Rb8 23. Bc1 Rb3 24. Ra1 Nd4 25. Rb1 Rd3 26. Be3 Kd7 27. Rbc1 Rb3 28. Rxc4 c5 29. Bc1 Rb4 30. Rxb4 cxb4 31. Kf1 Nb3 32. Be3 a5 33. Ke2 Nd4+ 34. Bxd4 Rxd4 35. Rd1 Rxd1 36. Kxd1 Kd6 37. Kd2 Kd5 38. Kd3 h5 39. f4 e5 40. fxe5 Kxe5 41. Kc4 Ke4 42. Kb5 h4 43. Kxa5 Ke3 44. Kxb4 Kf2 45. g3 h3 46. a5 Kg2 47. a6 Kxh2 48. a7 Kg1 49. a8Q h2 50. Qa7+ Kg2 51. Qb7+ Kg1 52. Qb6+ Kg2 53. Qc6+ Kg1 54. Qc5+ Kg2 55. Qd5+ Kg1 56. Qd4+ Kg2 57. Qe4+ Kg1 58. Qd4+ Kg2 59. Qxg7 h1Q 60. Qb7+ Kg1 61. Qxh1+ Kxh1 62. g4 1-0

[Event "Titled Tuesday intern op 25th Jun Early"]
[Site "Chess.com INT"]
[Date "2024.06.25"]
[Round "5"]
[White "Zacurdajev, Dmitry"]
[Black "Berezin, Viktor"]
[Result "1-0"]
[WhiteElo "2239"]
[BlackElo "1921"]
[PlyCount "79"]
[EventDate "2024.06.25"]
[EventType "swiss (blitz)"]
[EventRounds "11"]
[EventCountry "USA"]
[SourceTitle "EXT 2025"]
[Source "ChessBase"]
[SourceDate "2024.10.14"]
[SourceVersion "1"]
[SourceVersionDate "2024.10.14"]
[SourceQuality "1"]

1. d4 Nf6 2. c4 g6 3. Nc3 d5 4. cxd5 Nxd5 5. e4 Nxc3 6. bxc3 Bg7 7. Be3 0-0 8. Qd2 c5 9. Rc1 Qa5 10. Nf3 Nc6 11. d5 Ne5 12. Nxe5 Bxe5 13. f4 Bg7 14. Be2 Rd8 15. c4 Qxd2+ 16. Kxd2 b6 17. Rhd1 Ba6 18. Kc2 Rac8 19. Kb3 Rb8 20. a4 Bf8 21. e5 Kg7 22. h4 h5 23. g4 hxg4 24. Bxg4 e6 25. dxe6 Rxd1 26. Rxd1 Be7 27. Rd7 Rb7 28. exf7 Rxd7 29. Bxd7 Kxf7 30. Bf2 Kg7 31. Bg4 Kh6 32. Kc3 Bb7 33. h5 gxh5 34. Bh3 Kg6 35. f5+ Kf7 36. f6 Bd8 37. Bh4 Bc6 38. e6+ Ke8 39. f7+ Kf8 40. Bxd8 1-0

[Event "Titled Tuesday intern op 26th Mar Early"]
[Site "Chess.com INT"]
[Date "2024.03.26"]
[Round "2"]
[White "Weishaeutel, Moritz"]
[Black "Zacurdajev, Dmitry"]
[Result "1-0"]
[WhiteElo "2378"]
[BlackElo "2239"]
[PlyCount "61"]
[EventDate "2024.03.26"]
[EventType "swiss (blitz)"]
[EventRounds "11"]
[EventCountry "USA"]
[SourceTitle "EXT 2025"]
[Source "ChessBase"]
[SourceDate "2024.10.14"]
[SourceVersion "1"]
[SourceVersionDate "2024.10.14"]
[SourceQuality "1"]

1. e4 c6 2. d4 d5 3. Nc3 dxe4 4. Nxe4 Nf6 5. Ng5 e6 6. N1f3 Bd6 7. Bd3 h6 8. Nxf7 Kxf7 9. 0-0 Rf8 10. Ne5+ Kg8 11. Qf3 Nbd7 12. Re1 Qc7 13. Qg3 Nh5 14. Qg6 Bxe5 15. dxe5 Nxe5 16. Qxh5 Nxd3 17. cxd3 Qb6 18. Re2 Bd7 19. Bxh6 gxh6 20. Qg6+ Kh8 21. Qxh6+ Kg8 22. Qg6+ Kh8 23. Re3 e5 24. Qh6+ Kg8 25. Qg6+ Kh8 26. Rf1 Bf5 27. Qh6+ Kg8 28. Rg3+ Kf7 29. Rg7+ Ke8 30. Qd6 Qd8 31. Qxe5+ 1-0

[Event "Titled Tuesday intern op 19th Mar Early"]
[Site "Chess.com INT"]
[Date "2024.03.19"]
[Round "2"]
[White "Maksimovic, Bojan"]
[Black "Zacurdajev, Dmitry"]
[Result "1-0"]
[WhiteElo "2497"]
[BlackElo "2239"]
[PlyCount "87"]
[EventDate "2024.03.19"]
[EventType "swiss (blitz)"]
[EventRounds "11"]
[EventCountry "USA"]
[SourceTitle "EXT 2025"]
[Source "ChessBase"]
[SourceDate "2024.10.14"]
[SourceVersion "1"]
[SourceVersionDate "2024.10.14"]
[SourceQuality "1"]

1. d4 d5 2. c4 e6 3. Nf3 Nf6 4. Nc3 Be7 5. Bg5 h6 6. Bxf6 Bxf6 7. e3 0-0 8. Qc2 a6 9. cxd5 exd5 10. Be2 c6 11. 0-0 Re8 12. b4 Nd7 13. a4 Nb6 14. b5 cxb5 15. axb5 a5 16. Na4 Nxa4 17. Qxa4 b6 18. Rfc1 Bg4 19. h3 Bh5 20. Rc6 Rb8 21. Rac1 Qe7 22. Qb3 Red8 23. Rc7 Rd7 24. Rxd7 Qxd7 25. Ne5 Bxe5 26. Bxh5 Bd6 27. Bf3 Rc8 28. Rxc8+ Qxc8 29. g3 Qxh3 30. Bxd5 Qd7 31. Qc4 Qc7 32. Qb3 Kf8 33. Kg2 Bb4 34. Qd3 Qd7 35. Qe4 a4 36. Bc4 a3 37. Qh7 Qc7 38. Qh8+ Ke7 39. Bd5 Qd6 40. Qa8 Kf6 41. Qb7 g6 42. Qxf7+ Kg5 43. f4+ Kh5 44. Bf3# 1-0

[Event "Titled Tuesday intern op 20th Feb Early"]
[Site "Chess.com INT"]
[Date "2024.02.20"]
[Round "2"]
[White "Domin, Yan"]
[Black "Zacurdajev, Dmitry"]
[Result "1-0"]
[WhiteElo "2209"]
[BlackElo "2239"]
[PlyCount "77"]
[EventDate "2024.02.20"]
[EventType "swiss (blitz)"]
[EventRounds "11"]
[EventCountry "USA"]
[SourceTitle "EXT 2025"]
[Source "ChessBase"]
[SourceDate "2024.10.14"]
[SourceVersion "1"]
[SourceVersionDate "2024.10.14"]
[SourceQuality "1"]

1. e4 c6 2. d4 d5 3. e5 Bf5 4. Nf3 e6 5. Be2 Nd7 6. 0-0 h6 7. Nbd2 Ne7 8. Re1 c5 9. c4 Qc7 10. Qa4 dxc4 11. Nxc4 Nd5 12. Nd6+ Bxd6 13. exd6 Qxd6 14. Ne5 N5b6 15. dxc5 Qxc5 16. Nxd7 Nxa4 17. Nxc5 Nxc5 18. Be3 Nd3 19. Red1 Ne5 20. Bb5+ Nc6 21. Bc5 a6 22. Be2 Rd8 23. Bf3 Bc2 24. Rdc1 Bd3 25. b4 f6 26. Bb6 Rc8 27. a4 Kf7 28. Bc5 a5 29. b5 Ne5 30. Bxb7 Rc7 31. Ba6 Rd7 32. Be3 Be4 33. b6 Bd3 34. Bxd3 Nxd3 35. Rd1 Rhd8 36. Kf1 Nb4 37. Rxd7+ Rxd7 38. Rc1 Rd3 39. b7 1-0

[Event "Titled Tuesday intern op 30th Jan Early"]
[Site "Chess.com INT"]
[Date "2024.01.30"]
[Round "7"]
[White "Kim, Sergey2"]
[Black "Zacurdajev, Dmitry"]
[Result "0-1"]
[WhiteElo "2295"]
[BlackElo "2239"]
[PlyCount "100"]
[EventDate "2024.01.30"]
[EventType "swiss (blitz)"]
[EventRounds "11"]
[EventCountry "USA"]
[SourceTitle "EXT 2025"]
[Source "ChessBase"]
[SourceDate "2024.10.14"]
[SourceVersion "1"]
[SourceVersionDate "2024.10.14"]
[SourceQuality "1"]

1. d4 d5 2. c4 e6 3. Nc3 Nf6 4. Nf3 Be7 5. Bf4 0-0 6. e3 Nbd7 7. c5 Nh5 8. Be5 Nxe5 9. Nxe5 Nf6 10. Bd3 Nd7 11. Nf3 b6 12. b4 a5 13. a3 c6 14. 0-0 h6 15. Qe2 Nf6 16. Ne5 Bb7 17. b5 bxc5 18. bxc6 Bc8 19. Nb5 c4 20. Bc2 Ba6 21. Ba4 Ne4 22. Qc2 Bd6 23. Nd7 Bxb5 24. Bxb5 Re8 25. f3 Nf6 26. e4 Nxd7 27. cxd7 Re7 28. e5 Bc7 29. a4 Rb8 30. Rab1 Bb6 31. Qc3 Qc7 32. f4 Qa7 33. Rfd1 Rd8 34. Kh1 g6 35. Qe3 Kh7 36. Rd2 Qc7 37. Rc1 Ba7 38. Rf2 Rb8 39. Rf3 Rxd7 40. Bxd7 Qxd7 41. Rh3 Rb3 42. Qf2 Qxa4 43. Rxb3 Qxb3 44. h3 a4 45. Qc2 a3 46. Qd2 a2 47. Ra1 Qb1+ 48. Qd1 Qxd1+ 49. Rxd1 Bxd4 50. Rxd4 a1Q+ 0-1

[Event "Titled Tuesday intern op 30th Jan Early"]
[Site "Chess.com INT"]
[Date "2024.01.30"]
[Round "2"]
[White "Poormosavi, Seyed Kian"]
[Black "Zacurdajev, Dmitry"]
[Result "1-0"]
[WhiteElo "2384"]
[BlackElo "2239"]
[PlyCount "99"]
[EventDate "2024.01.30"]
[EventType "swiss (blitz)"]
[EventRounds "11"]
[EventCountry "USA"]
[SourceTitle "EXT 2025"]
[Source "ChessBase"]
[SourceDate "2024.10.14"]
[SourceVersion "1"]
[SourceVersionDate "2024.10.14"]
[SourceQuality "1"]

1. Nf3 d5 2. g3 Nf6 3. Bg2 e6 4. 0-0 Be7 5. b3 0-0 6. Bb2 c5 7. d3 Nc6 8. Nbd2 b6 9. e4 Bb7 10. Qe2 Rc8 11. c4 dxe4 12. dxe4 Qc7 13. Rad1 Rfd8 14. e5 Ne8 15. Ne4 Nb4 16. a3 Nc6 17. h4 Rxd1 18. Rxd1 Rd8 19. Rxd8 Qxd8 20. h5 h6 21. g4 Na5 22. Nfd2 Bg5 23. b4 Bxd2 24. bxa5 Bxa5 25. Nf6+ Nxf6 26. Bxb7 Nh7 27. Be4 Qd2 28. Qxd2 Bxd2 29. Kf1 Ng5 30. Bg2 Kf8 31. Ke2 Bf4 32. Bc3 Ke7 33. a4 Kd7 34. Kd3 Ke7 35. Kc2 f6 36. exf6+ gxf6 37. a5 Nf7 38. Kb3 Nd6 39. Bf1 Ne4 40. axb6 axb6 41. Be1 Bd2 42. f3 Bxe1 43. fxe4 Kd6 44. Kc2 Ke5 45. Kd3 Kf4 46. Be2 Bb4 47. Bd1 Kg3 48. e5 fxe5 49. Ke4 Bc3 50. g5 1-0

[Event "Titled Tuesday intern op 30th Jan Early"]
[Site "Chess.com INT"]
[Date "2024.01.30"]
[Round "8"]
[White "Zacurdajev, Dmitry"]
[Black "Bilan, Danila"]
[Result "1-0"]
[WhiteElo "2239"]
[BlackElo "2303"]
[PlyCount "71"]
[EventDate "2024.01.30"]
[EventType "swiss (blitz)"]
[EventRounds "11"]
[EventCountry "USA"]
[SourceTitle "EXT 2025"]
[Source "ChessBase"]
[SourceDate "2024.10.14"]
[SourceVersion "1"]
[SourceVersionDate "2024.10.14"]
[SourceQuality "1"]

1. d4 d5 2. c4 e6 3. Nc3 c6 4. Nf3 dxc4 5. a4 Bb4 6. e3 b5 7. Bd2 a5 8. axb5 Bxc3 9. Bxc3 cxb5 10. b3 Bb7 11. bxc4 b4 12. Bb2 Nf6 13. Bd3 Nbd7 14. 0-0 0-0 15. Nd2 Nc5 16. Bc2 Nce4 17. f3 Nxd2 18. Qxd2 Qc7 19. Rfc1 Rfd8 20. Qd3 e5 21. d5 Ba6 22. Qf5 Qxc4 23. Bxe5 Qxd5 24. Rd1 Qe6 25. Qxe6 fxe6 26. Rxa5 Rxd1+ 27. Bxd1 Bb7 28. Rxa8+ Bxa8 29. Bd6 Nd5 30. e4 Nc3 31. Bb3 Ne2+ 32. Kf2 Nd4 33. Bc4 b3 34. Bc5 b2 35. Ba2 Nb5 36. Bb4 1-0

[Event "Titled Tuesday intern op 25th Jul Early"]
[Site "Chess.com INT"]
[Date "2023.07.25"]
[Round "9"]
[White "Guerra Tulcan, Lenin"]
[Black "Zacurdajev, Dmitry"]
[Result "1-0"]
[WhiteElo "2310"]
[BlackElo "2273"]
[PlyCount "119"]
[EventDate "2023.07.25"]
[EventType "swiss (blitz)"]
[EventRounds "11"]
[EventCountry "USA"]
[SourceTitle "EXT 2024"]
[Source "ChessBase"]
[SourceDate "2023.10.10"]
[SourceVersion "1"]
[SourceVersionDate "2023.10.10"]
[SourceQuality "1"]

1. e4 c6 2. Nf3 d5 3. exd5 cxd5 4. Ne5 Nf6 5. Bb5+ Bd7 6. Qe2 a6 7. Bxd7+ Nbxd7 8. Nxd7 Qxd7 9. 0-0 e6 10. b3 Be7 11. Bb2 Rc8 12. d3 0-0 13. c4 Rfd8 14. Qf3 Ne8 15. Nd2 Bf6 16. Bxf6 Nxf6 17. Rfd1 b5 18. h3 h6 19. Nf1 a5 20. Ne3 a4 21. Rac1 axb3 22. axb3 d4 23. Nc2 Ra8 24. Ra1 Rxa1 25. Rxa1 bxc4 26. bxc4 Qc7 27. Ra8 e5 28. Nb4 Rxa8 29. Qxa8+ Kh7 30. Nd5 Nxd5 31. Qxd5 f6 32. c5 Qa5 33. Kh2 Qd2 34. Qe4+ Kg8 35. c6 Qc2 36. Kg3 Kf8 37. f3 Ke7 38. Qd5 Qc1 39. Qd7+ Kf8 40. Qd8+ Kf7 41. Qd5+ Ke7 42. Qd7+ Kf8 43. Qd6+ Kf7 44. c7 Qf4+ 45. Kf2 Qe3+ 46. Kf1 Qxd3+ 47. Ke1 Qc3+ 48. Kd1 Qd3+ 49. Kc1 Qc3+ 50. Kb1 Qb3+ 51. Ka1 Qc3+ 52. Ka2 Qc2+ 53. Ka3 Qc3+ 54. Ka4 Qc4+ 55. Ka5 Qa2+ 56. Kb6 Qb3+ 57. Kc6 Qa4+ 58. Kb7 Qb5+ 59. Qb6 Qd5+ 60. Kb8 1-0

[Event "Titled Tuesday intern op 25th Jul Early"]
[Site "Chess.com INT"]
[Date "2023.07.25"]
[Round "1"]
[White "Priasmoro, Novendra"]
[Black "Zacurdajev, Dmitry"]
[Result "1-0"]
[WhiteElo "2467"]
[BlackElo "2273"]
[PlyCount "61"]
[EventDate "2023.07.25"]
[EventType "swiss (blitz)"]
[EventRounds "11"]
[EventCountry "USA"]
[SourceTitle "EXT 2024"]
[Source "ChessBase"]
[SourceDate "2023.10.10"]
[SourceVersion "1"]
[SourceVersionDate "2023.10.10"]
[SourceQuality "1"]

1. e4 c6 2. Ne2 d5 3. exd5 cxd5 4. d4 Nc6 5. c3 Bg4 6. h3 Bh5 7. Qb3 Qd7 8. Nf4 Bg6 9. Qxd5 Qxd5 10. Nxd5 0-0-0 11. Nf4 e5 12. Nxg6 hxg6 13. dxe5 Nxe5 14. Bf4 Bd6 15. Be3 Kb8 16. Bc1 Nf6 17. Nd2 Bc5 18. Be2 g5 19. Nb3 Bb6 20. 0-0 Ne4 21. Nd4 Bxd4 22. cxd4 Rxd4 23. Be3 Rd7 24. Rfe1 f6 25. Bb5 Rc7 26. Bd4 Nd6 27. Bf1 Nec4 28. b3 Nb6 29. Rad1 Rc2 30. Bxb6 axb6 31. Rxd6 1-0

[Event "Titled Tuesday intern op 25th Jul Early"]
[Site "Chess.com INT"]
[Date "2023.07.25"]
[Round "4"]
[White "Prohaszka, Peter"]
[Black "Zacurdajev, Dmitry"]
[Result "1-0"]
[WhiteElo "2585"]
[BlackElo "2273"]
[PlyCount "59"]
[EventDate "2023.07.25"]
[EventType "swiss (blitz)"]
[EventRounds "11"]
[EventCountry "USA"]
[SourceTitle "EXT 2024"]
[Source "ChessBase"]
[SourceDate "2023.10.10"]
[SourceVersion "1"]
[SourceVersionDate "2023.10.10"]
[SourceQuality "1"]

1. d4 d5 2. Nf3 e6 3. Bf4 Nf6 4. e3 Bd6 5. Nbd2 0-0 6. Ne5 c5 7. c3 b6 8. Bd3 Ba6 9. Bc2 Qc7 10. h4 Nc6 11. Ndf3 h6 12. g4 Nd7 13. g5 Ncxe5 14. dxe5 Nxe5 15. gxh6 Nxf3+ 16. Qxf3 Bxf4 17. hxg7 Kxg7 18. exf4 Kf6 19. 0-0-0 Rh8 20. h5 Ke7 21. h6 b5 22. Rdg1 b4 23. Rg7 Qa5 24. f5 Qb5 25. fxe6 Kd6 26. Qxf7 Rad8 27. Qc7+ Kxe6 28. Re1+ Qe2 29. Rxe2+ Bxe2 30. Qe7# 1-0

[Event "Titled Tuesday intern op 25th Jul Early"]
[Site "Chess.com INT"]
[Date "2023.07.25"]
[Round "7"]
[White "Vivaan, Vishal Shah"]
[Black "Zacurdajev, Dmitry"]
[Result "1-0"]
[WhiteElo "2047"]
[BlackElo "2273"]
[PlyCount "87"]
[EventDate "2023.07.25"]
[EventType "swiss (blitz)"]
[EventRounds "11"]
[EventCountry "USA"]
[SourceTitle "EXT 2024"]
[Source "ChessBase"]
[SourceDate "2023.10.10"]
[SourceVersion "1"]
[SourceVersionDate "2023.10.10"]
[SourceQuality "1"]

1. e4 c6 2. d4 d5 3. Nd2 dxe4 4. Nxe4 Nf6 5. Nxf6+ exf6 6. c3 Bd6 7. Nf3 0-0 8. Be2 Re8 9. 0-0 Bg4 10. h3 Bh5 11. Be3 Nd7 12. Re1 Nf8 13. Qd2 Qd7 14. Rad1 Rad8 15. d5 Bb8 16. dxc6 bxc6 17. Qxd7 Rxd7 18. Rxd7 Nxd7 19. Nd4 Bxe2 20. Rxe2 c5 21. Nc6 a6 22. Rd2 Ne5 23. Nxb8 Rxb8 24. Bxc5 Nc4 25. Re2 g5 26. b3 Ne5 27. Bd6 Re8 28. c4 Nf3+ 29. Kf1 Rd8 30. c5 Nd4 31. Re1 Kg7 32. Rc1 Nc6 33. Ke2 Re8+ 34. Kd3 f5 35. Kc4 Re2 36. Kd5 Nb4+ 37. Kc4 Nc6 38. a4 Kf6 39. b4 Re4+ 40. Kb3 Rxb4+ 41. Ka3 Rd4 42. Rb1 Rd3+ 43. Rb3 a5 44. Rxd3 1-0

[Event "Titled Tuesday intern op 25th Jul Early"]
[Site "Chess.com INT"]
[Date "2023.07.25"]
[Round "3"]
[White "Zacurdajev, Dmitry"]
[Black "Ostensen, Nicolai Maxime"]
[Result "0-1"]
[WhiteElo "2273"]
[BlackElo "2292"]
[PlyCount "126"]
[EventDate "2023.07.25"]
[EventType "swiss (blitz)"]
[EventRounds "11"]
[EventCountry "USA"]
[SourceTitle "EXT 2024"]
[Source "ChessBase"]
[SourceDate "2023.10.10"]
[SourceVersion "1"]
[SourceVersionDate "2023.10.10"]
[SourceQuality "1"]

1. d4 Nf6 2. c4 e6 3. Nc3 Bb4 4. Qc2 d5 5. a3 Bxc3+ 6. Qxc3 Ne4 7. Qc2 c5 8. dxc5 Nc6 9. Nf3 0-0 10. e3 Qa5+ 11. Bd2 Nxd2 12. Qxd2 Qxc5 13. b4 Qb6 14. c5 Qc7 15. Be2 a5 16. b5 Ne7 17. Rc1 Bd7 18. a4 Rfc8 19. 0-0 e5 20. Bd1 Bg4 21. h3 Bh5 22. Ng5 Bg6 23. Bb3 h6 24. Nf3 Be4 25. Qe2 Bxf3 26. Qxf3 e4 27. Qh5 g6 28. Qxh6 Qe5 29. Rfd1 Rc7 30. Qf4 Qxf4 31. exf4 Rd8 32. Rd4 Kg7 33. g4 Rdd7 34. Kg2 Rd8 35. Kg3 f5 36. f3 fxg4 37. hxg4 exf3 38. Kxf3 Rcd7 39. Rcd1 Rc7 40. Bxd5 Rxc5 41. Bxb7 Rc3+ 42. Kf2 Rf8 43. Bf3 Rc2+ 44. Kg3 Rc3 45. R1d3 Rc1 46. Rd7 Rf7 47. Bd5 Nf5+ 48. gxf5 Rxd7 49. Be4 Rxd3+ 50. Bxd3 Rc3 51. fxg6 Rxd3+ 52. Kg4 Ra3 53. b6 Rxa4 54. Kg5 Rb4 55. f5 Rb5 56. b7 Rxb7 57. f6+ Kg8 58. Kh6 a4 59. f7+ Rxf7 60. gxf7+ Kxf7 61. Kg5 a3 62. Kf4 a2 63. Ke3 a1Q 0-1